Is Paris burning (Record no. 28566)

MARC details
000 -LEADER
fixed length control field 00293nam a2200121Ia 4500
082 ## - DEWEY DECIMAL CLASSIFICATION NUMBER
Classification number 82-3
Item number COL
100 ## - MAIN ENTRY--AUTHOR NAME
Personal name Collins, Larry
245 #0 - TITLE STATEMENT
Title Is Paris burning
260 ## - PUBLICATION, DISTRIBUTION, ETC. (IMPRINT)
Place of publication New Delhi
Name of publisher Vikas
Year of publication 1978
700 ## - ADDED ENTRY--PERSONAL NAME
Personal name Lapierre, Dominique
942 ## - ADDED ENTRY ELEMENTS (KOHA)
Koha item type Books
Holdings
Withdrawn status Lost status Damaged status Not for loan Home library Current library Date acquired Full call number Accession Number Koha item type
        RRII Library RRII Library 16/12/2021 82-3 COL 09165 Books